000 00679 a2200181 4500
999 _c8267
_d8267
010 _aENG-88392
020 _a8178241463
_c650.00
035 _aEN-71925
037 _bDBAD / PUB
082 1 4 _a507.22
100 1 _aKapil Raj
245 1 _aRelocating modern science:
_cby Kapil Raj
_bcirculation and the construction of scientific knowledge in South Asia and Europe seventeenth to nineteenth centuries/
260 _aDelhi
_bPermanent Black
_c2006
270 _aD-28, Oxford Apartments, 11, I.P.Extension,
_bDelhi
_e110 092
300 _axiii, 285 p.
_c23cm (Hb)
500 _aIncludes bibliographical references and index
942 _adpl
_cEN
_2ddc
_h507.22
_mKAP